[Event "DEM U8 2024"]
[Site "Willingen GER"]
[Date "2024.05.25"]
[Round "7"]
[White "Guan, Guoyou"]
[Black "Fritsch, Julian"]
[Result "0-1"]
[Termination "normal"]
[Board "21"]
[WhiteElo "1136"]
[BlackElo "1136"]
[WhiteClock "00:36:44"]
[BlackClock "00:21:10"]
[PlyCount "110"]
[WhiteFideId "34649492"]
[BlackFideId "34626964"]
[EventCountry "GER"]
[EventRounds "7"]
[EventType "swiss"]
[EventDate "2024.05.21"]

1. e4 {[%clk 01:00:26]} {[%emt 00:00:04]} e5 {[%clk 01:00:26]} {[%emt
00:00:04]} 2. Nf3 {[%clk 01:00:36]} {[%emt 00:00:04]} Nc6 {[%clk 01:00:36]}
{[%emt 00:00:05]} 3. d4 {[%clk 01:00:45]} {[%emt 00:00:07]} exd4 {[%clk
01:00:41]} {[%emt 00:00:09]} 4. Bc4 {[%clk 01:00:52]} {[%emt 00:00:08]} Nf6
{[%clk 00:59:31]} {[%emt 00:01:25]} 5. O-O {[%clk 01:00:42]} {[%emt 00:00:26]}
Bb4 {[%clk 00:58:54]} {[%emt 00:00:51]} 6. c3 {[%clk 01:00:19]} {[%emt
00:00:38]} dxc3 {[%clk 00:58:45]} {[%emt 00:00:24]} 7. Nxc3 {[%clk 01:00:17]}
{[%emt 00:00:17]} O-O {[%clk 00:57:15]} {[%emt 00:01:45]} 8. Bg5 {[%clk
01:00:19]} {[%emt 00:00:14]} Be7 {[%clk 00:57:09]} {[%emt 00:00:20]} 9. e5
{[%clk 00:58:34]} {[%emt 00:02:00]} Ne8 {[%clk 00:54:50]} {[%emt 00:02:34]} 10.
Qd2 {[%clk 00:58:27]} {[%emt 00:00:22]} d6 {[%clk 00:52:22]} {[%emt 00:02:44]}
11. Rad1 {[%clk 00:57:27]} {[%emt 00:01:16]} Bg4 {[%clk 00:50:24]} {[%emt
00:02:12]} 12. Bxe7 {[%clk 00:55:54]} {[%emt 00:01:47]} Qxe7 {[%clk 00:50:06]}
{[%emt 00:00:34]} 13. Qf4 {[%clk 00:55:43]} {[%emt 00:00:25]} Nxe5 {[%clk
00:47:59]} {[%emt 00:02:22]} 14. Nxe5 {[%clk 00:55:44]} {[%emt 00:00:14]} Bxd1
{[%clk 00:47:15]} {[%emt 00:01:00]} 15. Nxd1 {[%clk 00:55:04]} {[%emt
00:00:54]} Qxe5 {[%clk 00:46:26]} {[%emt 00:01:03]} 16. Qxe5 {[%clk 00:53:40]}
{[%emt 00:01:40]} dxe5 {[%clk 00:46:29]} {[%emt 00:00:12]} 17. Ne3 {[%clk
00:53:38]} {[%emt 00:00:18]} Nf6 {[%clk 00:46:08]} {[%emt 00:00:35]} 18. Re1
{[%clk 00:52:17]} {[%emt 00:01:36]} Rfe8 {[%clk 00:45:15]} {[%emt 00:01:08]}
19. f3 {[%clk 00:51:44]} {[%emt 00:00:47]} Rad8 {[%clk 00:44:44]} {[%emt
00:00:47]} 20. Nc2 {[%clk 00:50:24]} {[%emt 00:01:34]} Rd2 {[%clk 00:42:30]}
{[%emt 00:02:29]} 21. Bb3 {[%clk 00:50:12]} {[%emt 00:00:27]} g6 {[%clk
00:41:48]} {[%emt 00:00:56]} 22. Re3 {[%clk 00:48:45]} {[%emt 00:01:42]} Re7
{[%clk 00:38:30]} {[%emt 00:03:33]} 23. Re1 {[%clk 00:48:37]} {[%emt 00:00:23]}
a5 {[%clk 00:37:28]} {[%emt 00:01:17]} 24. Re3 {[%clk 00:48:12]} {[%emt
00:00:40]} b5 {[%clk 00:36:05]} {[%emt 00:01:39]} 25. Ne1 {[%clk 00:47:38]}
{[%emt 00:00:48]} c5 {[%clk 00:31:58]} {[%emt 00:04:23]} 26. f4 {[%clk
00:46:09]} {[%emt 00:00:41]} e4 {[%clk 00:32:10]} {[%emt 00:01:06]} 27. a3
{[%clk 00:44:52]} {[%emt 00:01:31]} Rxb2 {[%clk 00:30:45]} {[%emt 00:01:40]}
28. Bc2 {[%clk 00:44:38]} {[%emt 00:00:28]} b4 {[%clk 00:30:03]} {[%emt
00:00:59]} 29. a4 {[%clk 00:44:43]} {[%emt 00:00:11]} c4 {[%clk 00:29:40]}
{[%emt 00:00:37]} 30. Bd1 {[%clk 00:44:15]} {[%emt 00:00:42]} Rd2 {[%clk
00:28:26]} {[%emt 00:01:30]} 31. Be2 {[%clk 00:44:01]} {[%emt 00:00:29]} c3
{[%clk 00:28:22]} {[%emt 00:00:18]} 32. Bc4 {[%clk 00:42:31]} {[%emt 00:01:44]}
c2 {[%clk 00:27:25]} {[%emt 00:01:15]} 33. Nxc2 {[%clk 00:42:16]} {[%emt
00:00:28]} Rxc2 {[%clk 00:27:27]} {[%emt 00:00:13]} 34. Bb3 {[%clk 00:42:11]}
{[%emt 00:00:20]} Rc3 {[%clk 00:27:18]} {[%emt 00:00:26]} 35. Rxc3 {[%clk
00:42:02]} {[%emt 00:00:23]} bxc3 {[%clk 00:27:26]} {[%emt 00:00:06]} 36. Kf2
{[%clk 00:38:47]} {[%emt 00:03:30]} Rc7 {[%clk 00:26:46]} {[%emt 00:00:56]} 37.
Bc2 {[%clk 00:38:46]} {[%emt 00:00:16]} Rb7 {[%clk 00:26:21]} {[%emt 00:00:38]}
38. Ke1 {[%clk 00:38:54]} {[%emt 00:00:08]} Rb2 {[%clk 00:26:07]} {[%emt
00:00:29]} 39. Kd1 {[%clk 00:38:49]} {[%emt 00:00:19]} e3 {[%clk 00:25:47]}
{[%emt 00:00:36]} 40. Bd3 {[%clk 00:38:59]} {[%emt 00:00:05]} c2+ {[%clk
00:25:09]} {[%emt 00:00:52]} 41. Kc1 {[%clk 00:39:07]} {[%emt 00:00:07]} Ra2
{[%clk 00:24:21]} {[%emt 00:01:03]} 42. Bb5 {[%clk 00:38:53]} {[%emt 00:00:30]}
Ne4 {[%clk 00:23:13]} {[%emt 00:01:23]} 43. Bd3 {[%clk 00:38:27]} {[%emt
00:00:40]} f5 {[%clk 00:23:05]} {[%emt 00:00:24]} 44. Bb5 {[%clk 00:37:51]}
{[%emt 00:00:51]} Kf8 {[%clk 00:22:24]} {[%emt 00:00:55]} 45. Bd3 {[%clk
00:37:21]} {[%emt 00:00:46]} Ke7 {[%clk 00:22:19]} {[%emt 00:00:20]} 46. Bc4
{[%clk 00:37:17]} {[%emt 00:00:19]} Rxa4 {[%clk 00:22:16]} {[%emt 00:00:18]}
47. Bd3 {[%clk 00:37:18]} {[%emt 00:00:14]} Rd4 {[%clk 00:20:24]} {[%emt
00:02:08]} 48. Kxc2 {[%clk 00:37:15]} {[%emt 00:00:15]} Rxd3 {[%clk 00:20:29]}
{[%emt 00:00:11]} 49. Kxd3 {[%clk 00:37:23]} {[%emt 00:00:08]} a4 {[%clk
00:20:32]} {[%emt 00:00:11]} 50. Kxe3 {[%clk 00:37:22]} {[%emt 00:00:15]} a3
{[%clk 00:20:40]} {[%emt 00:00:09]} 51. Kd3 {[%emt 00:00:23]} a2 {[%clk
00:20:47]} {[%emt 00:00:06]} 52. Kc2 {[%clk 00:37:05]} {[%emt 00:00:25]} a1=Q
{[%clk 00:20:53]} {[%emt 00:00:09]} 53. Kd3 {[%clk 00:36:54]} {[%emt 00:00:26]}
Qc3+ {[%clk 00:20:54]} {[%emt 00:00:14]} 54. Ke2 {[%clk 00:36:56]} {[%emt
00:00:12]} Qd2+ {[%clk 00:21:02]} {[%emt 00:00:08]} 55. Kf3 {[%clk 00:36:44]}
{[%emt 00:00:26]} Qf2# {[%clk 00:21:10]} {[%emt 00:00:08]} 0-1

[Event "DEM U8 2024"]
[Site "Willingen GER"]
[Date "2024.05.25"]
[Round "7"]
[White "Schulze, Jonas"]
[Black "Hadelich, Taron"]
[Result "1-0"]
[Termination "normal"]
[Board "22"]
[WhiteElo "986"]
[BlackElo "785"]
[WhiteClock "00:54:44"]
[BlackClock "00:41:50"]
[PlyCount "73"]
[WhiteFideId "34687912"]
[EventCountry "GER"]
[EventRounds "7"]
[EventType "swiss"]
[EventDate "2024.05.21"]

1. e4 {[%clk 01:00:28]} c5 {[%clk 01:00:21]} {[%emt 00:00:10]} 2. Nf3 {[%clk
01:00:33]} {[%emt 00:00:11]} e6 {[%clk 01:00:20]} {[%emt 00:00:15]} 3. d4
{[%clk 01:00:43]} {[%emt 00:00:04]} cxd4 {[%clk 01:00:27]} {[%emt 00:00:09]} 4.
Nxd4 {[%clk 01:00:50]} {[%emt 00:00:08]} a6 {[%clk 01:00:31]} {[%emt 00:00:11]}
5. Bd3 {[%clk 01:00:59]} {[%emt 00:00:05]} Nc6 {[%clk 01:00:17]} {[%emt
00:00:29]} 6. Nxc6 {[%clk 01:01:08]} {[%emt 00:00:07]} dxc6 {[%clk 01:00:25]}
{[%emt 00:00:07]} 7. O-O {[%clk 01:01:02]} {[%emt 00:00:21]} e5 {[%clk
01:00:01]} {[%emt 00:00:40]} 8. Nc3 {[%clk 01:00:58]} {[%emt 00:00:17]} b5
{[%clk 00:56:01]} {[%emt 00:04:15]} 9. Be3 {[%clk 01:00:32]} {[%emt 00:00:42]}
c5 {[%clk 00:54:43]} {[%emt 00:01:33]} 10. Qf3 {[%clk 00:59:26]} {[%emt
00:01:20]} Bb7 {[%clk 00:54:13]} {[%emt 00:00:46]} 11. Rad1 {[%clk 00:59:23]}
{[%emt 00:00:18]} Qc8 {[%emt 00:01:45]} 12. Nd5 {[%clk 00:58:33]} Bd6 {[%clk
00:53:17]} {[%emt 00:00:46]} 13. Nb6 {[%clk 00:58:25]} {[%emt 00:00:24]} Qb8
{[%clk 00:52:49]} {[%emt 00:00:40]} 14. Nxa8 {[%clk 00:58:24]} {[%emt
00:00:18]} Bxa8 {[%clk 00:52:46]} {[%emt 00:00:18]} 15. c4 {[%clk 00:58:10]}
{[%emt 00:00:29]} b4 {[%clk 00:52:42]} {[%emt 00:00:19]} 16. Bc2 {[%clk
00:57:25]} {[%emt 00:01:01]} Ne7 {[%clk 00:51:53]} {[%emt 00:01:02]} 17. Ba4+
{[%clk 00:57:05]} {[%emt 00:00:34]} Nc6 {[%clk 00:51:52]} {[%emt 00:00:17]} 18.
Qg4 {[%clk 00:55:46]} {[%emt 00:01:29]} Rg8 {[%clk 00:50:11]} {[%emt 00:02:01]}
19. Bxc5 {[%clk 00:53:57]} {[%emt 00:02:04]} Bxc5 {[%clk 00:49:49]} {[%emt
00:00:37]} 20. Qd7+ {[%clk 00:53:59]} {[%emt 00:00:13]} Kf8 {[%clk 00:49:00]}
{[%emt 00:01:04]} 21. Bxc6 {[%clk 00:54:02]} {[%emt 00:00:12]} Bxc6 {[%clk
00:49:03]} {[%emt 00:00:13]} 22. Qxc6 {[%clk 00:54:07]} {[%emt 00:00:10]} Bb6
{[%clk 00:47:45]} {[%emt 00:01:32]} 23. Qd6+ {[%clk 00:53:36]} {[%emt
00:00:47]} Qxd6 {[%clk 00:46:17]} {[%emt 00:01:42]} 24. Rxd6 {[%clk 00:53:44]}
{[%emt 00:00:07]} Bc7 {[%clk 00:46:09]} {[%emt 00:00:23]} 25. Rxa6 {[%clk
00:53:53]} {[%emt 00:00:07]} g6 {[%clk 00:45:55]} {[%emt 00:00:30]} 26. Ra8+
{[%clk 00:54:03]} {[%emt 00:00:06]} Kg7 {[%clk 00:45:54]} {[%emt 00:00:15]} 27.
Rxg8+ {[%clk 00:54:09]} {[%emt 00:00:09]} Kxg8 {[%clk 00:46:02]} {[%emt
00:00:06]} 28. a4 {[%clk 00:54:06]} {[%emt 00:00:18]} Kf8 {[%clk 00:46:05]}
{[%emt 00:00:12]} 29. c5 {[%clk 00:54:10]} {[%emt 00:00:12]} Ke7 {[%clk
00:46:07]} {[%emt 00:00:11]} 30. Rd1 {[%clk 00:54:22]} {[%emt 00:00:05]} Ke8
{[%clk 00:45:30]} {[%emt 00:00:51]} 31. Kf1 {[%clk 00:54:24]} {[%emt 00:00:14]}
Ke7 {[%clk 00:45:27]} {[%emt 00:00:15]} 32. Ke2 {[%clk 00:54:34]} {[%emt
00:00:06]} Bb8 {[%clk 00:45:23]} {[%emt 00:00:21]} 33. c6 {[%clk 00:54:39]}
{[%emt 00:00:09]} Bc7 {[%clk 00:45:18]} {[%emt 00:00:20]} 34. Rd7+ {[%clk
00:54:35]} {[%emt 00:00:20]} Ke8 {[%clk 00:45:11]} {[%emt 00:00:21]} 35. Rxc7
{[%clk 00:54:38]} {[%emt 00:00:12]} Kf8 {[%clk 00:43:33]} {[%emt 00:01:52]} 36.
Rxf7+ {[%clk 00:54:35]} {[%emt 00:00:21]} Kxf7 {[%clk 00:41:50]} {[%emt
00:01:57]} 37. c7 {[%clk 00:54:44]} {[%emt 00:00:09]} 1-0

[Event "DEM U8 2024"]
[Site "Willingen GER"]
[Date "2024.05.25"]
[Round "7"]
[White "Schmidt, Simon"]
[Black "Zielke, Antonin"]
[Result "1-0"]
[Termination "normal"]
[Board "23"]
[WhiteElo "943"]
[BlackElo "1519"]
[WhiteClock "00:54:42"]
[BlackClock "00:51:56"]
[PlyCount "25"]
[BlackFideId "34661824"]
[EventCountry "GER"]
[EventRounds "7"]
[EventType "swiss"]
[EventDate "2024.05.21"]

1. e4 {[%clk 01:00:27]} {[%emt 00:00:03]} e5 {[%clk 01:00:27]} {[%emt
00:00:04]} 2. Nf3 {[%clk 01:00:25]} {[%emt 00:00:16]} Nc6 {[%clk 01:00:35]}
{[%emt 00:00:09]} 3. c3 {[%clk 01:00:13]} {[%emt 00:00:27]} Nf6 {[%clk
01:00:42]} {[%emt 00:00:07]} 4. d4 {[%clk 00:59:55]} {[%emt 00:00:33]} exd4
{[%clk 01:00:51]} {[%emt 00:00:07]} 5. e5 {[%clk 00:59:47]} {[%emt 00:00:22]}
Ne4 {[%clk 01:00:34]} {[%emt 00:00:32]} 6. Qe2 {[%clk 00:59:33]} {[%emt
00:00:30]} d5 {[%clk 01:00:30]} {[%emt 00:00:18]} 7. exd6 {[%clk 00:58:49]}
{[%emt 00:00:59]} Be7 {[%clk 00:52:21]} {[%emt 00:08:24]} 8. Qxe4 {[%clk
00:57:09]} {[%emt 00:01:54]} Qxd6 {[%clk 00:51:57]} {[%emt 00:00:40]} 9. Bf4
{[%clk 00:55:59]} {[%emt 00:01:24]} Qd7 {[%clk 00:51:59]} {[%emt 00:00:15]} 10.
cxd4 {[%clk 00:55:15]} {[%emt 00:00:58]} O-O {[%clk 00:51:55]} {[%emt
00:00:19]} 11. Bd3 {[%clk 00:54:51]} {[%emt 00:00:39]} Re8 {[%clk 00:52:00]}
{[%emt 00:00:10]} 12. Qxh7+ {[%clk 00:54:38]} {[%emt 00:00:27]} Kf8 {[%clk
00:51:56]} {[%emt 00:00:18]} 13. Qh8# {[%clk 00:54:42]} {[%emt 00:00:13]} 1-0